Countries by Forest Cover in 2 minutes - Statistics

General Stats
  • This quiz has been taken 9 times
  • The average score is 4 of 15
Answer Stats
% Answer % Correct
73.7 Finland
80%
93.5 Guyana
60%
94.5 Suriname
60%
86.7 Equatorial Guinea
40%
71.6 Laos
40%
71.6 Bhutan
20%
72.1 Brunei
20%
91.2 Gabon
20%
92.1 Micronesia
20%
79.0 Papua New Guinea
20%
73.3 Seychelles
20%
90.1 Solomon Islands
20%
73.2 St. Vincent and the Grenadines
20%
78.5 Liberia
0%
90.4 Palau
0%
No matching quizzes found
Score Distribution
Percent of People with Each Score
Percentile by Number Answered
Your Score History
You have not taken this quiz